Statistics for Superheroes and their Love Interest

Click here to take the quiz!

General Stats

  • This quiz has been taken 100 times
  • The average score is 14 of 26

Answer Stats

SuperheroLove Interest% Correct
SupermanLois Lane
95%
Iron ManPepper Potts
80%
BatmanCatwoman
76%
JokerHarley Quinn
75%
Mr. FantasticInvisible Woman
74%
Star-LordGamora
73%
VisionScarlet Witch
73%
Spider-manMary Jane Watson
71%
CyclopsJean Grey
70%
AntmanWasp
69%
ThorJane Foster
68%
DaredevilElektra
61%
Captain AmericaSharon Carter
58%
FlashIris West
55%
Green ArrowBlack Canary
54%
AquamanMera
50%
ThanosDeath
46%
HulkBetty Ross
45%
Bucky BarnesBlack Widow
41%
Green LanternCarol Ferris
30%
Casey JonesApril O'Neil
29%
The ThingAlicia Masters
20%
Dr. StrangeClea
20%
Dr. FateInza
14%
HellboyLiz Sherman
9%
DeapoolCopycat
8%

Score Distribution

Percentile by Number Answered

Percent of People with Each Score

Your Score History

You have not taken this quiz